书目信息 |
| 题名: |
凝聚态磁性物理
|
|
| 作者: | 姜寿亭 , 李卫 编著 | |
| 分册: | ||
| 出版信息: | 北京 科学出版社 2003 |
|
| 页数: | 476页 | |
| 开本: | 24cm | |
| 丛书名: | 华夏英才基金学术文库 | |
| 单 册: | ||
| 中图分类: | O482.52 | |
| 科图分类: | ||
| 主题词: | 凝聚态--ning ju tai--磁性--物理学 | |
| 电子资源: | ||
| ISBN: | 978-7-03-011190-6 | |
| 000 | 01209nam 2200289 450 | |
| 001 | 202019135715 | |
| 005 | 20191007123108.0 | |
| 010 | @a978-7-03-011190-6@dCNY198.00 | |
| 099 | @aCAL 012003156876 | |
| 100 | @a20191004d2003 em y0chiy0121 ea | |
| 101 | 0 | @achi |
| 102 | @aCN@b110000 | |
| 105 | @aak ao 001yy | |
| 106 | @ar | |
| 200 | 1 | @a凝聚态磁性物理@Aning ju tai ci xing wu li@f姜寿亭, 李卫编著 |
| 210 | @a北京@c科学出版社@d2003 | |
| 215 | @a476页@c图@d24cm | |
| 225 | 2 | @a华夏英才基金学术文库@Ahua xia ying cai ji jin xue shu wen ku |
| 320 | @a有书目和索引 | |
| 330 | @a本书系统地介绍了凝聚态物质的各种磁性(抗磁性、顺磁性、铁磁性、反铁磁性、亚铁磁性及非共线磁结构)的形成机理及宏观表现, 磁有序(铁磁性、反铁磁性及亚铁磁性)的各种理论; 重点介绍了目前有着广泛应用的强磁性物质的内部相互作用、畴及畴壁的形成以及这类物质在恒稳磁场、交变磁场、同时存在恒稳磁场和交变磁场中的磁化过程及宏观磁性以及提高强磁性物质宏观磁性能的各种方法。 | |
| 410 | 0 | @12001 @a华夏英才基金学术文库 |
| 606 | 0 | @a凝聚态@Aning ju tai@x磁性@x物理学 |
| 690 | @aO482.52@v4 | |
| 701 | 0 | @a姜寿亭@Ajiang shou ting@4编著 |
| 701 | 0 | @a李卫@Ali wei@4编著 |
| 801 | 0 | @aCN@c20190905 |
| 905 | @a河南城建学院图书馆@dO482.52@eJ526 | |
| 凝聚态磁性物理/姜寿亭, 李卫编著.-北京:科学出版社,2003 |
| 476页:图;24cm.-(华夏英才基金学术文库) |
| ISBN 978-7-03-011190-6:CNY198.00 |
| 本书系统地介绍了凝聚态物质的各种磁性(抗磁性、顺磁性、铁磁性、反铁磁性、亚铁磁性及非共线磁结构)的形成机理及宏观表现, 磁有序(铁磁性、反铁磁性及亚铁磁性)的各种理论; 重点介绍了目前有着广泛应用的强磁性物质的内部相互作用、畴及畴壁的形成以及这类物质在恒稳磁场、交变磁场、同时存在恒稳磁场和交变磁场中的磁化过程及宏观磁性以及提高强磁性物质宏观磁性能的各种方法。 |
| ● |
| 相关链接 |
|
|
|
正题名:凝聚态磁性物理
索取号:O482.52/J526
 
预约/预借
| 序号 | 登录号 | 条形码 | 馆藏地/架位号 | 状态 | 备注 |
| 1 | 1444701 | 214447017 | 自科库401/401自科库 59排3列2层/ [索取号:O482.52/J526] | 在馆 |